Amigos de los Museos del Mundo (Record no. 46638)

MARC details
000 -LEADER
campo de control de longitud fija 00701nam a2200181 i 4500
001 - NÚMERO DE CONTROL
campo de control 46638
003 - IDENTIFICADOR DE NÚMERO DE CONTROL
campo de control ES-MaACL
005 - FECHA Y HORA DE LA ÚLTIMA TRANSACCIÓN
campo de control 20230906161425.0
007 - CAMPO FIJO DE DESCRIPCIÓN FÍSICA--INFORMACIÓN GENERAL
campo de control de longitud fija t|
008 - DATOS DE LONGITUD FIJA--INFORMACIÓN GENERAL
campo de control de longitud fija 030331s1973 sp ||||1| spa d
111 2# - ENTRADA PRINCIPAL--NOMBRE DE CONGRESO/REUNIÓN
Nombre de congreso/reunión o jurisdicción como elemento de entrada Congreso Internacional de Amigos de los Museos del Mundo (
Número del congreso/reunión o número de parte o sección 1º.
Fecha del congreso o de la firma del tratado 1972.
Sede del congreso/Lugar de la reunión Barcelona)
9 (RLIN) 406
245 10 - MENCIÓN DEL TÍTULO
Título Amigos de los Museos del Mundo
Resto del título : Actas del 1er Congreso Internacional de Amigos de los Museos del Mundo /
Mención de responsabilidad, etc. [recopilado por Luis Monreal Agustí].
260 ## - PUBLICACIÓN, DISTRIBUCIÓN, ETC.
Lugar de publicación, distribución, etc. Barcelona :
Nombre del editor, distribuidor, etc. Amigos de los museos,
Fecha de publicación, distribución, etc. [1973]
300 ## - DESCRIPCIÓN FÍSICA
Extensión 121 p. ;
Dimensiones 24 cm.
500 ## - NOTA GENERAL
Nota general Texto en español, francés e inglés.
700 1# - ENTRADA AGREGADA--NOMBRE PERSONAL
Nombre de persona Monreal Agustí, Luis.
9 (RLIN) 82270
852 ## - LOCALIZACIÓN
Ubicación ES-MaACL
Número de control de estantería C-54656
Sublocalización o colección R.87119
Holdings
Estatus retirado Estado de pérdida Estado de daño No para préstamo Biblioteca de origen Biblioteca actual Ubicación en estantería Fecha de adquisición Fuente de adquisición Total de préstamos Signatura topográfica completa Código de barras Visto por última vez Precio de reemplazo Tipo de ítem Koha
        Biblioteca del Ateneo de Madrid Biblioteca del Ateneo de Madrid Depósito 2 17/01/2008     C-54656 1049053 23/02/2023 23/02/2023 Libro impreso